[Event "Chinese League Div-A Final-KO 2023"]
[Site "Xiongan"]
[Date "2023.12.11"]
[Round "9.5"]
[White "Zhai, Mo"]
[Black "Li, Xueyi"]
[Result "1/2-1/2"]
[WhiteElo "2339"]
[BlackElo "2245"]
[Annotator "RC"]
[PlyCount "95"]
[EventDate "2023.12.02"]
[EventCountry "CHN"]
[SourceTitle "playchess.com"]
[Source "ChessBase"]
[SourceQuality "1"]

1. d4 {[%emt 0:00:06]} d5 {[%emt 0:00:08]} 2. c4 {[%emt 0:00:15]} c6 {[%emt 0:00:08]} 3. cxd5 {[%emt 0:00:34]} cxd5 {[%emt 0:00:10]} 4. Bf4 {[%emt 0:00:32]} Nc6 {[%emt 0:00:20]} 5. e3 {[%emt 0:00:13]} Nf6 {[%emt 0:00:20]} 6. Nc3 {[%emt 0:00:16]} a6 {[%emt 0:00:21]} 7. Be2 {[%emt 0:01:07]} Bf5 {[%emt 0:01:07]} 8. Nf3 {[%emt 0:00:39]} e6 {[%emt 0:00:46]} 9. Qb3 {[%emt 0:00:43]} Na5 {[%emt 0:09:56]} 10. Qa4+ {[%emt 0:00:45]} Nc6 {[%emt 0:00:06]} 11. Ne5 {[%emt 0:00:48]} Bb4 {[%emt 0:23:52]} 12. Rc1 {[%emt 0:16:40]} Ne4 {[%emt 0:18:00]} 13. Nxc6 {[%emt 0:20:47]} Bxc3+ {[%emt 0:01:36]} 14. bxc3 {[%emt 0:00:07]} Qd7 {[%emt 0:01:41]} 15. g4 {[%emt 0:03:07]} Bg6 {[%emt 0:00:30]} 16. h4 {[%emt 0:02:53]} h6 {[%emt 0:01:22]} 17. f3 {[%emt 0:07:50]} Nf6 {[%emt 0:01:51]} 18. h5 {[%emt 0:02:41]} Bh7 {[%emt 0:00:05]} 19. g5 {[%emt 0:06:43]} hxg5 {[%emt 0:03:52]} 20. Bxg5 {[%emt 0:00:21]} Qxc6 {[%emt 0:09:38]} 21. Qxc6+ {[%emt 0:01:01]} bxc6 {[%emt 0:00:05]} 22. c4 {[%emt 0:00:50]} Bg6 {[%emt 0:04:47]} 23. Bxf6 {[%emt 0:01:59]} gxf6 {[%emt 0:00:10]} 24. Kf2 {[%emt 0:00:10]} Bf5 {[%emt 0:01:55]} 25. cxd5 {[%emt 0:01:06]} cxd5 {[%emt 0:00:13]} 26. Bxa6 {[%emt 0:13:02]} O-O {[%emt 0:08:03]} 27. Rc6 {[%emt 0:01:49]} Rfb8 {[%emt 0:00:07]} 28. Kg3 {[%emt 0:03:19]} Kh7 {[%emt 0:00:49]} 29. Kf4 {[%emt 0:03:43]} Rb2 {[%emt 0:06:55]} 30. a4 {[%emt 0:04:00]} Rf2 {[%emt 0:00:21]} 31. Kg3 {[%emt 0:02:20]} Ra2 {[%emt 0:00:06]} 32. Bc8 {[%emt 0:03:52]} R8xa4 {[%emt 0:02:34]} 33. Rc7 {[%emt 0:00:16]} Ra7 {[%emt 0:01:35]} 34. Rhc1 {[%emt 0:01:02]} Rxc7 {[%emt 0:00:28]} 35. Rxc7 {[%emt 0:00:02]} Rc2 {[%emt 0:00:11]} 36. Rxf7+ {[%emt 0:01:53]} Kg8 {[%emt 0:01:55]} 37. Bxe6 {[%emt 0:00:09]} Bxe6 {[%emt 0:00:07]} 38. Rxf6 {[%emt 0:00:04]} Bd7 {[%emt 0:01:47]} 39. Kf4 {[%emt 0:00:34]} Ba4 {[%emt 0:00:26]} 40. Rd6 {[%emt 0:01:37]} Bb3 {[%emt 0:00:33]} 41. e4 {[%emt 0:00:57]} Rh2 {[%emt 0:05:46]} 42. Rg6+ {[%emt 0:04:40]} Kf7 {[%emt 0:03:43]} 43. Rb6 {[%emt 0:02:27]} Bc2 {[%emt 0:01:48]} 44. Rb7+ {[%emt 0:00:46]} Kf8 {[%emt 0:04:56]} 45. e5 {[%emt 0:12:49]} Rxh5 {[%emt 0:01:34]} 46. Rb5 {[%emt 0:00:29]} Rh4+ {[%emt 0:02:16]} 47. Ke3 {[%emt 0:00:13]} Rh3 {[%emt 0:01:29]} 48. Rxd5 {[%emt 0:01:54]} 1/2-1/2

[Event "Chinese League Div-A Final-KO 2023"]
[Site "Xiongan"]
[Date "2023.12.11"]
[Round "9.6"]
[White "Wang, Shixu B"]
[Black "Liu, Yan"]
[Result "1/2-1/2"]
[WhiteElo "2409"]
[BlackElo "2579"]
[Annotator "RC"]
[PlyCount "73"]
[EventDate "2023.12.02"]
[EventCountry "CHN"]
[SourceTitle "playchess.com"]
[Source "ChessBase"]
[SourceQuality "1"]

1. d4 {[%emt 0:00:01]} Nf6 {[%emt 0:00:27]} 2. c4 {[%emt 0:00:05]} e6 {[%emt 0:00:08]} 3. Nf3 {[%emt 0:00:04]} d5 {[%emt 0:00:09]} 4. Nc3 {[%emt 0:00:14]} Bb4 {[%emt 0:00:31]} 5. e3 {[%emt 0:00:25]} O-O {[%emt 0:00:38]} 6. Be2 {[%emt 0:00:19]} dxc4 {[%emt 0:00:36]} 7. O-O {[%emt 0:00:06]} Nbd7 {[%emt 0:00:31]} 8. Bxc4 {[%emt 0:00:15]} c5 {[%emt 0:00:10]} 9. Bd3 {[%emt 0:02:57]} a6 {[%emt 0:02:22]} 10. a3 {[%emt 0:00:28]} Ba5 {[%emt 0:00:06]} 11. Ne4 {[%emt 0:11:50]} Nxe4 {[%emt 0:11:31]} 12. Bxe4 {[%emt 0:00:02]} Nf6 {[%emt 0:01:07]} 13. Bc2 {[%emt 0:00:04]} cxd4 {[%emt 0:01:41]} 14. exd4 {[%emt 0:01:18]} Bd7 {[%emt 0:13:45]} 15. Bd3 {[%emt 0:17:15]} Bb5 {[%emt 0:05:54]} 16. Bxb5 {[%emt 0:03:28]} axb5 {[%emt 0:00:06]} 17. Bd2 {[%emt 0:00:20]} Bxd2 {[%emt 0:13:19]} 18. Qxd2 {[%emt 0:00:05]} Qd5 {[%emt 0:01:09]} 19. Rac1 {[%emt 0:00:07]} Rac8 {[%emt 0:02:20]} 20. Rfe1 {[%emt 0:00:11]} Nd7 {[%emt 0:03:19]} 21. Qf4 {[%emt 0:05:09]} h6 {[%emt 0:02:32]} 22. h4 {[%emt 0:00:16]} Rc4 {[%emt 0:02:12]} 23. Rxc4 {[%emt 0:00:13]} bxc4 {[%emt 0:00:11]} 24. Qc7 {[%emt 0:00:09]} b5 {[%emt 0:01:01]} 25. h5 {[%emt 0:03:33]} Re8 {[%emt 0:04:52]} 26. Ne5 {[%emt 0:08:44]} Nxe5 {[%emt 0:00:47]} 27. Qxe5 {[%emt 0:14:05]} Rd8 {[%emt 0:07:10]} 28. Qxd5 {[%emt 0:00:18]} exd5 {[%emt 0:00:50]} 29. Re7 {[%emt 0:00:17]} b4 {[%emt 0:00:06]} 30. axb4 {[%emt 0:00:05]} Rb8 {[%emt 0:00:02]} 31. Rd7 {[%emt 0:00:20]} Rxb4 {[%emt 0:00:06]} 32. Rxd5 {[%emt 0:00:14]} Rxb2 {[%emt 0:00:04]} 33. Rc5 {[%emt 0:00:04]} Rc2 {[%emt 0:00:07]} 34. Rc8+ {[%emt 0:00:30]} Kh7 {[%emt 0:00:04]} 35. Rc7 {[%emt 0:00:03]} Kg8 {[%emt 0:00:33]} 36. Rc8+ {[%emt 0:00:11]} Kh7 {[%emt 0:00:04]} 37. Rc7 {[%emt 0:00:46]} 1/2-1/2

[Event "Chinese League Div-A Final-KO 2023"]
[Site "Xiongan"]
[Date "2023.12.11"]
[Round "9.7"]
[White "Bu, Xiangzhi"]
[Black "Wang, Yue"]
[Result "1/2-1/2"]
[WhiteElo "2677"]
[BlackElo "2659"]
[Annotator "TA"]
[PlyCount "60"]
[EventDate "2023.12.02"]
[EventCountry "CHN"]
[SourceTitle "playchess.com"]
[Source "ChessBase"]
[SourceQuality "1"]

{[%evp 11,60,-6,26,25,27,-38,-33,-29,-29,-34,-20,-31,-17,-33,-31,-30,0,-4,-11,-33,-30,-14,-14,-11,-7,-19,-6,-14,-13,-11,-17,-18,-15,-13,0,0,0,-4,0,0,0,0,0,0,0,0,0,0,0,0,0]} 1. d4 {[%emt 0:00:05]} d5 {[%emt 0:00:09]} 2. Nf3 {[%emt 0:00:11]} Nf6 {[%emt 0:00:07]} 3. Bf4 {[%emt 0:00:06]} e6 {[%emt 0:00:48]} 4. e3 {[%emt 0:00:11]} c5 {[%emt 0:00:04]} 5. Nbd2 {[%emt 0:00:29]} Nc6 {[%emt 0:00:07]} 6. c3 {[%emt 0:02:00]} cxd4 {[%emt 0:00:09]} 7. exd4 {[%emt 0:00:13] D02: 1 d4 d5 2 Nf3 sidelines, including 2...Nf6 3 g3 and 2...Nf6 3 Bf4.} Nh5 {[%emt 0:00:07]} 8. Be5 {[%emt 0:03:44]} (8. Be3 $11) 8... f6 $15 {[%emt 0:01:00]} 9. Bg3 {[%emt 0:00:18] Black is slightly better.} g6 $1 {[%emt 0:01:05] 9...g6 is better than 9...Bd6.} 10. Be2 {[%emt 0:05:18]} Bg7 {[%emt 0:00:59]} 11. O-O {[%emt 0:00:36]} Nxg3 {[%emt 0:04:24]} 12. hxg3 {[%emt 0:00:05]} O-O {[%emt 0:00:04]} 13. c4 {[%emt 0:06:50]} dxc4 {[%emt 0:01:18] [#]} 14. Nxc4 $146 {[%emt 0:26:54]} ({Predecessor:} 14. Bxc4 Ne7 15. Re1 Nd5 16. Rc1 Re8 17. a3 Bd7 18. Ne4 Bc6 19. Nc5 Qd6 20. Qe2 {0-1 Le,T (2514)-Chylewski,P (2302) Titled Tuesday intern op 14th Jun Early blitz 2022 (3)}) 14... f5 {[%emt 0:10:23][%cal Og6g5]} 15. Nce5 {[%emt 0:02:57] [#]} Nxd4 $1 {[%emt 0:09:20][%mdl 64] Remove Defender} 16. Re1 $1 {[%emt 0:00:37]} Nxf3+ {[%emt 0:38:38] The position is equal.} 17. Bxf3 {[%emt 0:00:06]} Qxd1 {[%emt 0:00:18]} 18. Raxd1 {[%emt 0:00:06]} Rb8 {[%emt 0:00:29]} 19. b3 {[%emt 0:08:46]} b6 {[%emt 0:07:21]} 20. Nd7 {[%emt 0:01:02]} Bxd7 {[%emt 0:00:07]} 21. Rxd7 {[%emt 0:00:03]} Rf7 {[%emt 0:01:43]} 22. Rd6 {[%emt 0:00:26]} Re7 {[%emt 0:00:06]} 23. Rdxe6 {[%emt 0:01:00]} Rxe6 {[%emt 0:00:06]} 24. Rxe6 $11 {[%emt 0:00:03][%mdl 4096] Endgame KRB-KRB} Kf8 {[%emt 0:00:05]} 25. Rc6 {[%emt 0:00:58]} Re8 {[%emt 0:00:14]} 26. Kf1 {[%emt 0:00:20]} Bd4 {[%emt 0:00:11]} 27. Rc7 {[%emt 0:00:27]} Re7 {[%emt 0:00:07]} 28. Rxe7 {[%emt 0:00:05]} Kxe7 {[%emt 0:00:04]} 29. g4 {[%emt 0:00:11]} fxg4 {[%emt 0:00:05]} 30. Bxg4 {[%emt 0:00:02]} Kf6 {[%emt 0:00:05] Weighted Error Value: White=0.08 (flawless) /Black=0.05 (flawless)} 1/2-1/2

[Event "Chinese League Div-A Final-KO 2023"]
[Site "Xiongan"]
[Date "2023.12.11"]
[Round "9.8"]
[White "Chu, Wei Chao"]
[Black "Zeng, Chongsheng"]
[Result "1/2-1/2"]
[WhiteElo "2415"]
[BlackElo "2577"]
[Annotator "RC"]
[PlyCount "145"]
[EventDate "2023.12.02"]
[EventCountry "CHN"]
[SourceTitle "playchess.com"]
[Source "ChessBase"]
[SourceQuality "1"]

1. d4 {[%emt 0:00:03]} Nf6 {[%emt 0:00:37]} 2. c4 {[%emt 0:00:17]} g6 {[%emt 0:00:21]} 3. Nc3 {[%emt 0:00:10]} Bg7 {[%emt 0:02:12]} 4. e4 {[%emt 0:02:21]} d6 {[%emt 0:00:20]} 5. Nf3 {[%emt 0:00:07]} Bg4 {[%emt 0:06:06]} 6. Be2 {[%emt 0:04:12]} Nfd7 {[%emt 0:01:14]} 7. Ng1 {[%emt 0:03:10]} Bxe2 {[%emt 0:01:23]} 8. Ngxe2 {[%emt 0:00:11]} Nc6 {[%emt 0:01:13]} 9. Be3 {[%emt 0:02:26]} a6 {[%emt 0:02:04]} 10. O-O {[%emt 0:00:49]} O-O {[%emt 0:01:23]} 11. Rc1 {[%emt 0:01:53]} Qb8 {[%emt 0:05:25]} 12. a3 {[%emt 0:07:48]} e6 {[%emt 0:02:50]} 13. h3 {[%emt 0:06:33]} Re8 {[%emt 0:07:16]} 14. Qd3 {[%emt 0:04:00]} b6 {[%emt 0:09:23]} 15. b4 {[%emt 0:09:18]} Qb7 {[%emt 0:01:20]} 16. f4 {[%emt 0:01:25]} Ne7 {[%emt 0:17:47]} 17. Rfd1 {[%emt 0:08:40]} Rad8 {[%emt 0:00:22]} 18. Qc2 {[%emt 0:01:49]} b5 {[%emt 0:10:03]} 19. c5 {[%emt 0:09:41]} Nf6 {[%emt 0:00:09]} 20. Ng3 {[%emt 0:01:30]} h5 {[%emt 0:02:32]} 21. Nf1 {[%emt 0:04:33]} dxc5 {[%emt 0:12:40]} 22. bxc5 {[%emt 0:04:45]} a5 23. a4 {[%emt 0:03:16]} b4 {[%emt 0:00:26]} 24. Nb5 {[%emt 0:00:06]} Qxe4 {[%emt 0:01:10]} 25. Nxc7 {[%emt 0:01:23]} Rf8 {[%emt 0:01:39]} 26. Nb5 {[%emt 0:00:39]} Qxc2 {[%emt 0:05:32]} 27. Rxc2 {[%emt 0:00:06]} Nc6 {[%emt 0:00:03]} 28. Nh2 {[%emt 0:05:56]} Nd5 {[%emt 0:00:34]} 29. Kf2 {[%emt 0:00:12]} Bh6 {[%emt 0:00:52]} 30. g3 {[%emt 0:01:30]} e5 {[%emt 0:01:26]} 31. Nf3 {[%emt 0:03:46]} exf4 {[%emt 0:01:20]} 32. Bxf4 {[%emt 0:00:08]} Bxf4 {[%emt 0:00:08]} 33. gxf4 {[%emt 0:00:06]} Nxf4 {[%emt 0:00:03]} 34. Nd6 {[%emt 0:00:44]} Nd5 {[%emt 0:00:38]} 35. Ne5 {[%emt 0:00:24]} Nxe5 {[%emt 0:02:51]} 36. dxe5 {[%emt 0:00:06]} Nc3 {[%emt 0:00:05]} 37. Rd3 {[%emt 0:08:03]} Rd7 {[%emt 0:00:33]} 38. Rdxc3 {[%emt 0:03:05]} bxc3 {[%emt 0:00:11]} 39. Rxc3 {[%emt 0:00:03]} f6 {[%emt 0:01:59]} 40. e6 {[%emt 0:00:33]} Re7 {[%emt 0:00:45]} 41. c6 {[%emt 0:05:10]} Rxe6 {[%emt 0:01:21]} 42. Nb5 {[%emt 0:00:05]} Rc8 {[%emt 0:09:47]} 43. c7 {[%emt 0:00:07]} Re7 {[%emt 0:00:07]} 44. Rc6 {[%emt 0:00:07]} Kh7 {[%emt 0:00:34]} 45. Rxf6 {[%emt 0:07:26]} Rcxc7 {[%emt 0:00:31]} 46. Nxc7 {[%emt 0:00:08]} Rxc7 {[%emt 0:00:01]} 47. Ra6 {[%emt 0:00:09]} Rc5 {[%emt 0:00:23]} 48. Kg3 {[%emt 0:00:30]} Kh6 {[%emt 0:00:10]} 49. Ra7 {[%emt 0:02:11]} Kg5 {[%emt 0:00:19]} 50. Ra6 {[%emt 0:00:34]} h4+ {[%emt 0:03:00]} 51. Kf3 {[%emt 0:07:17]} Kf5 {[%emt 0:00:26]} 52. Ra8 {[%emt 0:00:13]} Ke5 {[%emt 0:08:46]} 53. Ra6 {[%emt 0:00:18]} g5 {[%emt 0:05:14]} 54. Kg4 {[%emt 0:02:25]} Kd4 {[%emt 0:03:42]} 55. Rb6 {[%emt 0:01:58]} Kc3 {[%emt 0:00:43]} 56. Rb8 {[%emt 0:03:00]} Rc4+ {[%emt 0:01:09]} 57. Kxg5 {[%emt 0:00:05]} Rb4 {[%emt 0:00:14]} 58. Rb5 {[%emt 0:00:05]} Rxa4 {[%emt 0:00:20]} 59. Rf5 {[%emt 0:00:07]} Kd3 {[%emt 0:02:05]} 60. Kh5 {[%emt 0:01:42]} Ke4 {[%emt 0:00:26]} 61. Kg5 {[%emt 0:01:06]} Ra3 {[%emt 0:03:12]} 62. Rf4+ {[%emt 0:02:26]} Ke5 {[%emt 0:00:10]} 63. Rf5+ {[%emt 0:00:49]} Ke6 {[%emt 0:00:10]} 64. Rf6+ {[%emt 0:00:16]} Ke7 {[%emt 0:00:17]} 65. Rf5 {[%emt 0:00:03]} Ra4 {[%emt 0:00:17]} 66. Rb5 {[%emt 0:00:56]} Kd6 {[%emt 0:00:09]} 67. Rf5 {[%emt 0:00:05]} Ra1 {[%emt 0:00:56]} 68. Kxh4 {[%emt 0:00:15]} a4 {[%emt 0:00:04]} 69. Ra5 {[%emt 0:00:25]} Kc6 {[%emt 0:00:26]} 70. Kg5 {[%emt 0:00:20]} Kb6 {[%emt 0:00:20]} 71. Ra8 {[%emt 0:00:05]} a3 {[%emt 0:00:28]} 72. h4 {[%emt 0:00:19]} a2 {[%emt 0:00:27]} 73. Kh6 {[%emt 0:00:13]} 1/2-1/2

[Event "Chinese League Div-A Final-KO 2023"]
[Site "Xiongan"]
[Date "2023.12.11"]
[Round "9.9"]
[White "Wang, Chuqiao"]
[Black "Xiao, Yiyi"]
[Result "1-0"]
[WhiteElo "2215"]
[BlackElo "2343"]
[Annotator "RC"]
[PlyCount "77"]
[EventDate "2023.12.02"]
[EventCountry "CHN"]
[SourceTitle "playchess.com"]
[Source "ChessBase"]
[SourceQuality "1"]

1. d4 {[%emt 0:00:06]} e6 {[%emt 0:00:53]} 2. c4 {[%emt 0:00:12]} b6 {[%emt 0:00:20]} 3. Nf3 {[%emt 0:00:12]} Bb7 {[%emt 0:01:09]} 4. g3 {[%emt 0:00:29]} Bb4+ {[%emt 0:04:00]} 5. Bd2 {[%emt 0:00:14]} Bxd2+ {[%emt 0:06:14]} 6. Qxd2 {[%emt 0:00:24]} Bxf3 {[%emt 0:00:26]} 7. exf3 {[%emt 0:00:15]} d5 {[%emt 0:00:56]} 8. Nc3 {[%emt 0:01:37]} Nf6 {[%emt 0:00:13]} 9. cxd5 {[%emt 0:02:41]} Nxd5 {[%emt 0:01:53]} 10. Bg2 {[%emt 0:00:18]} Nc6 {[%emt 0:02:36]} 11. O-O {[%emt 0:01:02]} Nxc3 {[%emt 0:06:15]} 12. bxc3 {[%emt 0:00:11]} Ne7 {[%emt 0:07:21]} 13. f4 {[%emt 0:01:01]} c6 {[%emt 0:00:13]} 14. Rfd1 {[%emt 0:04:58]} O-O {[%emt 0:01:29]} 15. a4 {[%emt 0:00:30]} Qd6 {[%emt 0:08:35]} 16. Qe2 {[%emt 0:05:55]} Rfd8 {[%emt 0:06:26]} 17. Be4 {[%emt 0:03:44]} Rab8 {[%emt 0:06:00]} 18. h4 {[%emt 0:05:14]} c5 {[%emt 0:03:20]} 19. Qh5 {[%emt 0:06:14]} f5 {[%emt 0:04:54]} 20. Bc2 {[%emt 0:06:32]} c4 {[%emt 0:03:51]} 21. Qe2 {[%emt 0:00:55]} Qc6 {[%emt 0:05:40]} 22. Re1 {[%emt 0:01:37]} Rd6 {[%emt 0:00:07]} 23. Bd1 {[%emt 0:00:34]} Nd5 {[%emt 0:00:07]} 24. Qc2 {[%emt 0:00:52]} Nf6 {[%emt 0:01:50]} 25. Re3 {[%emt 0:00:31]} a6 {[%emt 0:04:51]} 26. Bf3 {[%emt 0:00:29]} Qd7 {[%emt 0:02:02]} 27. Re5 {[%emt 0:03:56]} h6 {[%emt 0:03:28]} 28. Rb1 {[%emt 0:02:00]} b5 {[%emt 0:02:21]} 29. Rc5 {[%emt 0:02:36]} Nd5 {[%emt 0:05:07]} 30. Rxc4 {[%emt 0:03:55]} Rc8 {[%emt 0:00:25]} 31. Rxc8+ {[%emt 0:00:37]} Qxc8 32. axb5 {[%emt 0:05:19]} Qxc3 {[%emt 0:03:23]} 33. Qe2 {[%emt 0:02:04]} axb5 {[%emt 0:00:45]} 34. Bxd5 {[%emt 0:00:16]} exd5 {[%emt 0:00:03]} 35. Qe5 {[%emt 0:04:00]} Qd3 {[%emt 0:03:23]} 36. Rc1 {[%emt 0:03:22]} Rd8 {[%emt 0:01:14]} 37. Rc7 {[%emt 0:01:04]} Qd1+ {[%emt 0:00:05]} 38. Kg2 {[%emt 0:00:22]} Qg4 {[%emt 0:00:05]} 39. h5 {[%emt 0:00:59]} 1-0

[Event "Chinese League Div-A Final-KO 2023"]
[Site "Xiongan"]
[Date "2023.12.11"]
[Round "9.10"]
[White "Zhang, Xiaowen"]
[Black "Huang, Qian"]
[Result "1/2-1/2"]
[WhiteElo "2261"]
[BlackElo "2410"]
[Annotator "RC"]
[PlyCount "66"]
[EventDate "2023.12.02"]
[EventCountry "CHN"]
[SourceTitle "playchess.com"]
[Source "ChessBase"]
[SourceQuality "1"]

1. e4 {[%emt 0:00:03]} c5 {[%emt 0:01:34]} 2. Nf3 {[%emt 0:00:13]} Nc6 {[%emt 0:01:26]} 3. Bb5 {[%emt 0:01:07]} g6 {[%emt 0:09:04]} 4. Bxc6 {[%emt 0:03:52]} bxc6 {[%emt 0:07:12]} 5. O-O {[%emt 0:03:23]} Bg7 {[%emt 0:00:11]} 6. Re1 {[%emt 0:00:19]} Nf6 {[%emt 0:03:54]} 7. e5 {[%emt 0:08:39]} Nd5 {[%emt 0:00:17]} 8. c4 {[%emt 0:00:12]} Nc7 {[%emt 0:00:35]} 9. d4 {[%emt 0:00:31]} cxd4 {[%emt 0:00:47]} 10. Qxd4 {[%emt 0:00:19]} Ne6 {[%emt 0:01:34]} 11. Qh4 {[%emt 0:01:06]} d6 {[%emt 0:00:34]} 12. exd6 {[%emt 0:05:06]} Qxd6 {[%emt 0:00:09]} 13. Nc3 {[%emt 0:00:08]} Bf6 {[%emt 0:08:37]} 14. Qh6 {[%emt 0:01:24]} Bg7 {[%emt 0:00:30]} 15. Qh4 {[%emt 0:00:19]} Bf6 {[%emt 0:00:09]} 16. Ne4 {[%emt 0:07:03]} Bxh4 {[%emt 0:00:22]} 17. Nxd6+ {[%emt 0:00:05]} exd6 {[%emt 0:00:07]} 18. Nxh4 {[%emt 0:00:05]} f6 {[%emt 0:01:25]} 19. Bd2 {[%emt 0:02:52]} Kf7 {[%emt 0:00:25]} 20. Bc3 {[%emt 0:01:01]} Ba6 {[%emt 0:01:16]} 21. b3 {[%emt 0:00:40]} Rad8 {[%emt 0:00:42]} 22. Nf3 {[%emt 0:03:06]} d5 {[%emt 0:01:24]} 23. cxd5 {[%emt 0:01:01]} cxd5 {[%emt 0:00:10]} 24. Rad1 {[%emt 0:01:05]} Rd7 {[%emt 0:01:36]} 25. Nd4 {[%emt 0:03:06]} Nxd4 {[%emt 0:00:23]} 26. Bxd4 {[%emt 0:00:06]} Rc8 {[%emt 0:00:14]} 27. Rd2 {[%emt 0:00:21]} Rdc7 {[%emt 0:00:59]} 28. f3 {[%emt 0:01:48]} Rc2 {[%emt 0:00:32]} 29. Rxc2 {[%emt 0:01:00]} Rxc2 {[%emt 0:00:05]} 30. a4 {[%emt 0:00:16]} Rc7 {[%emt 0:00:13]} 31. Kf2 {[%emt 0:00:59]} Bd3 {[%emt 0:00:34]} 32. b4 {[%emt 0:01:49]} a6 {[%emt 0:00:17]} 33. Bc5 {[%emt 0:00:43]} Bc2 {[%emt 0:00:35]} 1/2-1/2

[Event "Chinese League Div-A Final-KO 2023"]
[Site "Xiongan"]
[Date "2023.12.12"]
[Round "10.1"]
[White "Wang, Hao"]
[Black "Wen, Yang"]
[Result "1-0"]
[WhiteElo "2694"]
[BlackElo "2574"]
[Annotator "TA"]
[PlyCount "88"]
[EventDate "2023.12.02"]
[EventCountry "CHN"]
[SourceTitle "playchess.com"]
[Source "ChessBase"]
[SourceQuality "1"]

{[%evp 17,88,15,19,18,25,0,0,0,0,16,0,14,15,10,6,17,15,4,69,78,75,78,89,100,88,95,93,97,98,97,224,226,328,321,276,316,289,256,299,217,218,202,213,179,179,179,179,170,194,172,235,243,262,266,271,247,245,275,376,376,577,533,543,543,510,334,455,346,350,315,376,365,29998]} 1. e4 {[%emt 0:00:02]} e5 {[%emt 0:01:04]} 2. Nf3 {[%emt 0:00:05]} Nc6 {[%emt 0:00:05]} 3. Bc4 {[%emt 0:00:04]} Bc5 {[%emt 0:02:12]} 4. d3 {[%emt 0:01:28]} Nf6 {[%emt 0:00:30]} 5. O-O {[%emt 0:00:08]} d6 {[%emt 0:02:35]} 6. c3 {[%emt 0:00:08]} a6 {[%emt 0:02:45]} 7. Re1 {[%emt 0:00:53]} Ba7 {[%emt 0:02:15]} 8. Nbd2 {[%emt 0:01:47]} O-O {[%emt 0:06:02]} 9. Bb3 {[%emt 0:03:48] 9.Nf1 deserves study.} Ng4 {[%emt 0:13:55]} 10. Re2 {[%emt 0:00:07] C54: Giuoco Piano: 4 c3 Nf6, main lines with 5 d4 and 5 d3.} Kh8 {[%emt 0:00:07]} 11. Nf1 {[%emt 0:02:46]} (11. h3 $5 {[%cal Rh3g4]} Nf6 12. Nf1 $14) 11... f5 {[%emt 0:00:37]} 12. exf5 {[%emt 0:00:43] The position is equal.} Bxf5 {[%emt 0:02:03][%cal Oe5e4]} 13. h3 {[%emt 0:01:36]} Nh6 {[%emt 0:06:07][%cal Of5h3]} 14. Bd5 {[%emt 0:13:02]} Qd7 {[%emt 0:04:47] [#]} 15. d4 $146 {[%emt 0:10:13]} ({Predecessor:} 15. Be3 Bxe3 16. Nxe3 Bg6 17. d4 Bh5 18. dxe5 Bxf3 19. Bxf3 Rxf3 20. gxf3 Nxe5 21. f4 {½-½ Mulyar,M (2386)-Foisor,C (2401) Washington op 1st 2012 (7)}) 15... exd4 {[%emt 0:07:37]} 16. Bxc6 {[%emt 0:03:43]} bxc6 {[%emt 0:06:43]} 17. Nxd4 {[%emt 0:00:07]} Bg6 {[%emt 0:00:47]} ({Better is} 17... Bxd4 $11 18. Qxd4 c5) 18. Bxh6 $14 {[%emt 0:05:59]} gxh6 {[%emt 0:00:09]} 19. Qa4 {[%emt 0:13:18]} Bd3 {[%emt 0:11:17]} 20. Re3 {[%emt 0:00:14]} Bb5 {[%emt 0:00:50]} 21. Qc2 {[%emt 0:00:47]} c5 {[%emt 0:00:37]} 22. Nxb5 {[%emt 0:02:27]} axb5 {[%emt 0:00:30]} 23. Rae1 {[%emt 0:01:03] Black must now prevent Re7.} Rae8 {[%emt 0:15:19] [#] Prevents Re7. This move loses the game for Black.} (23... Qf5 $16 24. Qxf5 Rxf5) 24. c4 $1 $18 {[%emt 0:02:21]} d5 {[%emt 0:02:17]} (24... Rxe3 $142 25. Nxe3 bxc4) 25. Rxe8 {[%emt 0:05:45]} Rxe8 {[%emt 0:00:03]} 26. Rxe8+ {[%emt 0:00:05]} Qxe8 {[%emt 0:00:02]} 27. cxd5 {[%emt 0:00:30][%mdl 4096] Endgame KQB-KQN} Qe5 {[%emt 0:01:57]} 28. a4 {[%emt 0:04:16]} c4 {[%emt 0:00:54]} 29. axb5 {[%emt 0:00:22] Qc3 is the strong threat.} Qxd5 {[%emt 0:00:13]} 30. Nd2 {[%emt 0:00:27]} Bd4 {[%emt 0:00:45]} 31. Nxc4 {[%emt 0:00:29]} ({Don't play} 31. Qxc4 Bxf2+ 32. Kxf2 Qxd2+ 33. Qe2 Qd6 $16) 31... Qxb5 {[%emt 0:00:07]} 32. b3 {[%emt 0:00:44]} Qe8 {[%emt 0:01:34] [#] And now ...Qe1+ would win.} 33. Kf1 {[%emt 0:01:44] Wards off Qe1+} c5 {[%emt 0:01:31]} (33... Qf7 $142 34. Ne3 Bxe3) 34. Qf5 {[%emt 0:01:12]} Qb8 {[%emt 0:02:18]} 35. Qf7 {[%emt 0:00:34]} Qa8 {[%emt 0:00:28]} 36. Kg1 {[%emt 0:03:02]} Qd8 {[%emt 0:01:32]} 37. g3 {[%emt 0:00:42]} Qa8 {[%emt 0:00:40]} 38. Nd6 {[%emt 0:00:33] aiming for Ne8.} Qb8 {[%emt 0:01:01]} (38... h5 {is a better defense.} 39. Ne8 Qa1+ 40. Kg2 h6 41. Qf8+ Kh7 42. Qf7+ Kh8 43. Qf8+ Kh7) 39. Qe7 {[%emt 0:01:38]} h5 {[%emt 0:01:10]} 40. h4 {[%emt 0:00:45]} Kg8 {[%emt 0:01:29]} 41. Qf7+ {[%emt 0:00:38]} Kh8 {[%emt 0:00:08]} 42. Nf5 {[%emt 0:00:19] Strongly threatening b4.} Bc3 {[%emt 0:05:47]} 43. Qd5 {[%emt 0:01:51]} ({But not} 43. Qxh5 Qf8 44. Qf3 Bb2) 43... Qf8 {[%emt 0:07:30]} 44. Qf3 {[%emt 0:00:04][%csl LRc3,LRh5]} Qe7 $2 {[%emt 0:04:16] Weighted Error Value: White=0.16 (very precise) /Black=0.29 (precise)} (44... Be5 $18 45. Qxh5 Bf6) 1-0